000 00480nam a2200205Ia 4500
005 20240823014126.0
008 240823s9999||||xx |||||||||||||| ||und||
020 _a81-7409-026-6
041 _aENGLISH
082 _A672 P4
100 _aTupkary R H
245 0 _aModern Steel Marketing
250 _a6th
260 _c2004
_b"Khanna Publishders,"
_aNew Delhi
500 _aYES
650 _aSteel
_bMechanical
700 _a Tupkary V R
942 _cBK
999 _c169191
_d169191